Statistics for Countries Closest to Indonesia (in Indonesian - dalam bahasa Indonesia)

Click here to take the quiz!

General Stats

  • This quiz has been taken 242 times
    (233 since last reset)
  • The average score is 11 of 20

Answer Stats

kmNegaramile% Correct
0Malaysia0
98%
40Brunei25
81%
146Australia90
74%
301Thailand187
74%
600Vietnam373
73%
1561Cina970
72%
6Singapura4
69%
1105Laos687
67%
179India111
66%
168Filipina105
56%
0Papua Guinea Baru0
56%
2033Taiwan1263
51%
768Kamboja477
50%
1475Sri Lanka917
45%
1719Bangladesh1068
43%
793Palau482
39%
539Burma335
32%
1103Negara Federasi Mikronesia685
24%
1701Kepulauan Solomon1057
21%
0Timur Timor0
14%

Score Distribution

Percentile by Number Answered

Percent of People with Each Score

Your Score History

You have not taken this quiz since the last reset